Poistenie pre prípad poklesu schopnosti vykonávať zárobkovú činnosť

Príspevok charakterizuje sociálne zabezpečenie na Slovensku, základné súčasti sociálneho poistenia s dôrazom na invalidné poistenie. Poukazuje na povinne dôchodkovo poistené osoby, na sadzbu poistného na invalidné poistenie a špecifikuje spôsob výpočtu výšky invalidného dôchodku. Možnosti ovplyvňova...

Descrizione completa

Salvato in:
Dettagli Bibliografici
Autore principale: Bačová, Monika
Natura: Capitolo di libro
Lingua:slovacco
Soggetti:
Tags: Aggiungi Tag
Nessun Tag, puoi essere il primo ad aggiungerne!!

MARC

LEADER 00000naa$a2200000$$$4500
001 0165353
005 20240502072901.3
041 0 |a slo 
044 |a SK 
245 1 0 |a Poistenie pre prípad poklesu schopnosti vykonávať zárobkovú činnosť  |c Monika Bačová 
520 |a Príspevok charakterizuje sociálne zabezpečenie na Slovensku, základné súčasti sociálneho poistenia s dôrazom na invalidné poistenie. Poukazuje na povinne dôchodkovo poistené osoby, na sadzbu poistného na invalidné poistenie a špecifikuje spôsob výpočtu výšky invalidného dôchodku. Možnosti ovplyvňovania výšky prípadného budúceho invalidného dôchodku. Vymedzenie vzťahu princípov sociálnej politiky a invalidného dôchodku. 
610 2 0 |a poistenie invalidné 
610 2 0 |a dôchodky invalidné 
610 2 0 |a mzdy minimálne 
100 1 |a Bačová, Monika